Catálogo

ESCENAS DE LA VIDA POSMODERNA : (Registro nro. 44062)

Detalles MARC
000 -LEADER
fixed length control field 01062nam a2200193 a 4500
001 - CONTROL NUMBER
control field 44062
005 - DATE AND TIME OF LATEST TRANSACTION
control field 20180714022808.0
008 - FIXED-LENGTH DATA ELEMENTS--GENERAL INFORMATION
fixed length control field 140415s1996 ag 000 0 spa d
020 ## - INTERNATIONAL STANDARD BOOK NUMBER
International Standard Book Number 950912222X
041 ## - LANGUAGE CODE
Language code of text/sound track or separate title spa
082 ## - DEWEY DECIMAL CLASSIFICATION NUMBER
Classification number 301.01
Item number SAR
100 1# - MAIN ENTRY--PERSONAL NAME
Personal name SARLO, BEATRIZ
245 10 - TITLE STATEMENT
Title ESCENAS DE LA VIDA POSMODERNA :
Remainder of title INTELECTUALES, ARTE Y VIDEOCULTURA EN LA ARGENTINA
250 ## - EDITION STATEMENT
Edition statement 7ed.
260 ## - PUBLICATION, DISTRIBUTION, ETC.
Place of publication, distribution, etc. ARGENTINA :
Name of publisher, distributor, etc. ESPASA CALPE ARGENTINA,
Date of publication, distribution, etc. 1996
300 ## - PHYSICAL DESCRIPTION
Extent 209
Dimensions x 12.6 x 26
520 ## - SUMMARY, ETC.
Summary, etc. EL LIBRO HABLA DE COMO VIVIMOS EL CLIMA DE LO QUE SE LLAMA POSMODERNIDAD EN EL MARCO PARADÓJICO DE UNA NACION FRACTURADA Y EMPOBRECIDA. VEITE HORAS DE TELEVISION DIARIA, POR CINCUETA CANALES, Y UNA ESCUELA DESARMADA, SIN PRESTIGIO SIMBOLICO NI RECURSOS MATERIALES; PAISAJES URBANOS TRAZADOS SEGUN EL ULTIMO DESING DEL MERCADO INTERNACIONAL Y SERVICIOS PÚBLICOS EN ESTADO CRITICO. ESCENAS DE LA VIDA PSMODERNA ES UN LIBRO PARA QUIENES DESEAN CONOCER AFONDO LA SITUACION ACTUAL DE NUESTRA
650 14 - SUBJECT ADDED ENTRY--TOPICAL TERM
Topical term or geographic name entry element POSTMODERNISMO
General subdivision ASPECTOS SOCIALES
-- SOCIOLOGIA
Existencias
Withdrawn status Lost status Source of classification or shelving scheme Damaged status Not for loan Collection code Home library Current library Shelving location Date acquired Source of acquisition Inventory number Total Checkouts Full call number Barcode Date last seen Date last checked out Price effective from Koha item type
    Dewey Decimal Classification     General Biblioteca Karol Wojtyla Biblioteca Karol Wojtyla Sala general 03/12/2013 Compra 151000000000000000057884   301.01 SAR 66257 05/01/2026 10/06/2015 03/12/2013 Libro